00449nam a2200181Ia 4500008004100000020001800041050001400059100002400073245003000097245004100127260001500168260001600183260000900199300001400208300002700222300001000249500000800259170918s9999 xx 000 0 und d a9780439238205 bB772 2001 aBourgeois, Paulette aFranklin's thanksgiving / cPaulette Bourheois and Brenda Clark. aNew York : bScholastic, c2001 aunpaged : bcolored illustration ; c23cm. a310